000 00699nam a22002297a 4500
999 _c33841
_d33841
001 3137
003 CO-MdFUSB
005 20180622073132.0
008 180508t1959 xxu||||| |||| 00| 0 eng d
040 _aCO-MdFUSB
_bspa
_cCO-MdFUSB
_dCO-MdFUSBC
_erda
041 0 _aeng
082 0 4 _aG 230 C2896t
100 1 _aCarnell, Edward John (1919-1967)
_eautor
245 4 _aThe case for orthodox theology
_c / Edward John Carnell
264 4 _aPhiladelphia, USA :
_b Westminster,
_c©1959
300 _a149 Pag / 22 cm.
336 _2rdacontent
_atexto
_btxt
337 _2rdamedia
_asin mediación
_bn
338 _2rdacarrier
_avolumen
_bnc
650 0 _aCristianismo
_91194
_xEsencia y genio
942 _cBK